02026njm a2200337Ia 4500001000600000003000900006005001700015008004100032040001300073040001300086100001100099100001800110100003800128245004500166250001100211260001100222260004500233300001700278300003000295500003600325505050400361511007700865511008300942511005701025511008401082511006101166650005601227700016701283700012501450700011301575B5376IT-RoPAU20220918181117.0131025s9999 xx 000 0 und d aIT-RoPAU cIT-RoPAU aAA.VV. eAutore musica gCodice autore musica SPICS: 12000 aGreat Love Duets - Celebres duos d'amour a1a ed. aLONDON bDECCA RECORD COMPANYc1986 [1a Ed.:1986] aMUSICASSETTA c63 minuti (Testo: 0 pag.) aMusica classica. Musica lirica. aO soave fanciulla [(Mimì, Rodolfo) (da La Boheme) (4:00)] - Mario! Mario! Mario! [(Tosca, Cavaradossi) (da Tosca) (13:00)] - Parigi, o cara [(Violetta, Alfredo) (da La Traviata) (4:00)] - Già nella notte densa [(Desdemona, Otello) (da Otello) (11:00)] - Un dì felice [(Violetta, Alfredo) (da La Traviata) (4:00)] - Ma chi vien?... Oh! la sinistra voce! [(da La Gioconda) (7:00)] - Tu, tu, amore tu? [(da Manon Lescaut) (8:00)] - Bimba dagli occhi pieni di malia [(da Madama Butterfly) (12:00)] aOrchestra dell'Accademia di Santa Cecilia Roma diretta da Serafin Tullio aOrchestra dell'Accademia di Santa Cecilia Roma diretta da Molinari-Pradelli F. aWiener Philharmoniker diretti da Von Karajan Herbert aOrchestra dell'Accademia di Santa Cecilia di Roma diretta da Molinari Francesco aOrchestre de la Suisse Romande diretta da Guadagno Anton aOPERA LIRICA [CASSETTE]eCodice MATERIA SPICS: 9951 aPuccini GiacomodCodice autore musica SPICS: 11082eAutore musicapO soave fanciulla - Mario! Mario! Mario! - Tu, tu, amore tu? - Bimba dagli occhi pieni di malia aVerdi GiuseppedCodice autore musica SPICS: 89eAutore musicapParigi, o cara - Già nella notte densa - Un dì felice aPonchielli AmilcaredCodice autore musica SPICS: 13061eAutore musicapMa chi vien?... Oh! la sinistra voce!